000 00357nam a2200133Ia 4500
008 231129s1968||||xx |||||||||||||| ||spa||
020 _a84-7634-078-8
082 _a843.91 B764p.
100 _aBoulle Pierre.
245 0 _aEl planeta de los simios
260 _c1968
264 _aBarcelona: Orbis
942 _2ddc
_cBKS
999 _c12089
_d12089